Every Character In Percy Jackson And The Olympians By Letter-C - Statistics

General Stats
  • This quiz has been taken 10 times
  • The average score is 7 of 17
Answer Stats
Times Mentioned Answer % Correct
659 Chiron
100%
108 Charles Beckendorf
60%
43 Chris Rodriguez
60%
348 Clarisse La Rue
60%
3 Castor
50%
29 Charon
50%
62 Circe
50%
33 Connor Stoll
50%
48 Calypso
40%
29 Cerberus
40%
16 Charybdis
40%
3 Chuck
30%
17 Chimera
20%
14 Cocalus
10%
3 Cadmus
0%
1 Confucius
0%
4 Corey Bailer
0%
No matching quizzes found
Score Distribution
Percent of People with Each Score
Percentile by Number Answered
Your Score History
You have not taken this quiz